| 000 | 01375nam a2200337Ia 4500 | ||
|---|---|---|---|
| 001 | ebr10055908 | ||
| 003 | CaPaEBR | ||
| 006 | m u | ||
| 007 | cr cn||||||||| | ||
| 008 | 970612s1998 enka sb 001 0 eng d | ||
| 010 | _z 97024517 | ||
| 015 | _aGB98-10794 | ||
| 020 | _z0203448510 | ||
| 020 | _z0415170540 (hardcover) | ||
| 040 |
_aCaPaEBR _cCaPaEBR |
||
| 035 | _a(OCoLC)123470203 | ||
| 050 | 1 | 4 |
_aB815 _b.S64 1998eb |
| 245 | 0 | 4 |
_aThe soft underbelly of reason _h[electronic resource] : _bthe passions in the seventeenth century / _cedited by Stephen Gaukroger. |
| 260 |
_aLondon ; _aNew York : _bRoutledge, _c1998. |
||
| 300 |
_axi, 167 p. : _bill. |
||
| 490 | 1 |
_aRoutledge studies in seventeenth-century philosophy ; _v1 |
|
| 504 | _aIncludes bibliographical references and index. | ||
| 533 |
_aElectronic reproduction. _bPalo Alto, Calif. : _cebrary, _d2009. _nAvailable via World Wide Web. _nAccess may be limited to ebrary affiliated libraries. |
||
| 650 | 0 |
_aEmotions (Philosophy) _xHistory _y17th century. |
|
| 650 | 0 | _aPhilosophy. | |
| 655 | 7 |
_aElectronic books. _2local |
|
| 700 | 1 | _aGaukroger, Stephen. | |
| 710 | 2 | _aebrary, Inc. | |
| 830 | 0 |
_aRoutledge studies in seventeenth-century philosophy ; _v1. |
|
| 856 | 4 | 0 |
_uhttp://site.ebrary.com/lib/rucke/Doc?id=10055908 _zAn electronic book accessible through the World Wide Web; click to view |
| 999 |
_c72092 _d72092 |
||